000 002350000a22000970004500
100 1 _aMeneses, Bárbara
245 1 0 _aKuwait, tres años después
300 _aVol. 10, Núm 10 (1993), Páginas 44-46
773 0 _tCambio 16
942 _cANA
999 _c58514
_d58514